UEFA EURO - Top 4 Positions - Statistics

General Stats
  • This quiz has been taken 113 times
  • The average score is 19 of 21
Answer Stats
Answer % Correct
Italy
99%
France
98%
Germany
98%
Portugal
98%
Russia
98%
Soviet Union
98%
Spain
98%
West Germany
98%
England
96%
England
96%
Netherlands
96%
Denmark
94%
Belgium
93%
Greece
93%
Sweden
90%
Hungary
84%
Turkey
83%
Yugoslavia
83%
Wales
82%
Czechoslovakia
78%
Czech Republic
78%
No matching quizzes found
Score Distribution
Percent of People with Each Score
Percentile by Number Answered
Your Score History
You have not taken this quiz